[Event "Druzynowe Mistrzostwa Regionu KPZSzach 2"]
[Site "Kujawsko-pomorskie"]
[Date "2020.??.??"]
[Round "5.25"]
[White "Mackiewicz, Anna"]
[Black "Dabrowska, Aleksandra"]
[Result "1/2-1/2"]
[WhiteElo "1857"]
[BlackElo "1550"]
[PlyCount "86"]
[EventDate "2020.??.??"]

1. Nf3 Nf6 2. g3 g6 3. Bg2 Bg7 4. c4 d6 5. d4 Nbd7 6. O-O O-O 7. Nc3 e5 8. dxe5
dxe5 9. Qc2 c6 10. b3 Re8 11. e4 Qc7 12. Ba3 b5 13. Rfd1 Qa5 14. Bd6 b4 15. Na4
c5 16. a3 Bf8 17. axb4 Qxb4 18. Nc3 Qb6 19. Nb5 Bxd6 20. Rxd6 Qb8 21. Rad1 a6
22. Nc3 Ra7 23. Na4 Rc7 24. Bh3 Kg7 25. Qd3 Qb7 26. Bxd7 Nxd7 27. Qe3 Qb4 28.
h4 h5 29. Ng5 Nf6 30. Rxf6 Kxf6 31. Rd6+ Kg7 32. Qf3 Be6 33. Nb6 Rce7 34. Nd5
Bxd5 35. Qf6+ Kg8 36. cxd5 Qxb3 37. Nxf7 Rxf7 38. Qxg6+ Kf8 39. Qh6+ Ke7 40.
Qe6+ Kf8 41. Qh6+ Ke7 42. Qe6+ Kf8 43. Qh6+ Ke7 1/2-1/2